000 00458nam a2200193Ia 4500
005 20250603144657.0
008 250603s9999 xx 000 0 und d
020 _a978-0-495-56752-3
050 _aP 94.6 .S26/
100 _aSamovar, A. Larry
245 0 _aCommunication between cultures
250 _a7th ed.
260 _aBoston
260 _bWadsworth Cengage Learning
260 _c2010
300 _a463 p
650 _aBoston
942 _cBK
999 _c39623
_d39623